000 00307nam a22001337a 4500
008 170531b xxu||||| |||| 00| 0 eng d
020 _a0907582567
041 _aeng
080 _a94
100 _a17
101 _aSHH
245 _aHITLER THE QUEST FOR WORLD DOMINION
_cSTOAKES,G
942 _2udc
_cBK
999 _c15138
_d15138